|
|
|
|
| LEADER |
00000nas a2200000 i 4500 |
| 001 |
ssj0000495512 |
| 003 |
WaSeSS |
| 005 |
20200512172242.0 |
| 006 |
m d |
| 007 |
cr n |
| 008 |
110106d20102016enkqr p s 0 a0eng c |
| 010 |
|
|
|a 2011243473
|
| 016 |
7 |
|
|a 101562501
|2 DNLM
|
| 022 |
|
|
|a 2090-2190
|l 2090-2182
|y 2090-2182
|
| 035 |
|
|
|a (WaSeSS)ssj0000495512
|
| 037 |
|
|
|b Sage - Hindawi Access to Research, 410 Park Ave, 15th Fl, 287 PMB, New York, NY 10022 United States
|
| 040 |
|
|
|a YAM
|b eng
|e pn
|c YAM
|d YAM
|d NLM
|d TXA
|d OCLCQ
|d CUS
|d OCLCF
|d OCLCO
|d OCLCQ
|d OCLCO
|d OCLCQ
|d CASUM
|d OCLCO
|d OCLCA
|d DLC
|d OCLCA
|d NLM
|d ERD
|d EUW
|d WT2
|d OCLCQ
|d OCLCA
|d WaSeSS
|
| 042 |
|
|
|a pcc
|
| 050 |
0 |
0 |
|a QH506
|
| 060 |
1 |
0 |
|a W1
|
| 245 |
0 |
0 |
|a Molecular biology international
|h [electronic resource].
|
| 260 |
|
|
|a London :
|b SAGE-Hindawi Access to Research,
|c 2010-2011.
|
| 260 |
3 |
|
|3 2011-2016 :
|a New York :
|b Hindawi
|
| 310 |
|
|
|a Quarterly
|
| 362 |
1 |
|
|a Began in Volume 2010, article ID 628153; ceased with Volume 2016 (2016).
|
| 506 |
|
|
|a License restrictions may limit access.
|
| 515 |
|
|
|a Articles added consectively to current annual volume.
|
| 588 |
|
|
|a Description based on: Volume 2010, article ID 628153; title from PDF article running title (Hindawi, viewed Jan. 5, 2012).
|
| 588 |
|
|
|a Latest issue consulted: Volume 2016, article ID 4328697 (viewed July 11, 2017).
|
| 650 |
|
0 |
|a Molecular biology
|v Periodicals.
|
| 650 |
1 |
2 |
|a Molecular Biology.
|
| 650 |
|
7 |
|a Molecular biology.
|2 fast
|0 (OCoLC)fst01024734
|
| 655 |
|
0 |
|a Electronic journals.
|
| 776 |
0 |
8 |
|i Print version:
|t Molecular biology international
|x 2090-2182
|
| 850 |
|
|
|a DLC
|
| 856 |
4 |
0 |
|z Full text available from Research Library: 01/01/2014 to 01/31/2016
|u https://search.proquest.com/publication/2037496
|